| 000 | 00850nam a2200277 4500 | ||
|---|---|---|---|
| 001 | 2619 | ||
| 003 | BD-RjUL | ||
| 005 | 20211208233605.0 | ||
| 008 | 131212s1972 enkbd b 001 0 eng d | ||
| 020 | _a0333145461 | ||
| 035 | _a(BD-RjUL)2646 | ||
| 040 |
_aDLC _cDLC _dDLC _dBD-RjUL _beng |
||
| 041 | _aeng | ||
| 082 | 0 | 0 |
_a330.9549205 _bKHE 1972 |
| 100 | 1 |
_aKhan, Azizur Rahman. _98468 |
|
| 245 | 1 | 4 |
_aThe economy of Bangladesh / _c Azizur Rahman Khan |
| 260 |
_aLondon ; _aNew York : _bMacmillan ; _bSt. Martin's Press, _cc1972 |
||
| 300 |
_axviii, 196 p. : _billu,map, table ; _c22 cm. |
||
| 350 | _a£4.95 | ||
| 504 | _aIncludes bibliographical references. | ||
| 651 | 0 |
_aBangladesh _xEconomic conditions. _98469 |
|
| 651 | 0 |
_aBangladesh _xEconomic policy. _98470 |
|
| 942 |
_2ddc _cBK _011 |
||
| 999 |
_c2619 _d2619 |
||